000 00783nam a2200241 i 4500
001 111564
003 ES-MaACL
005 20250707054256.0
007 t|
008 150306s1964 fr r ||||1| fre d
080 _a929 Carlomagno
080 _a944"0687/987"
100 0 _aFolz, Robert.
_951479
245 1 3 _aLe couronnement impérial de Charlemagne
_b: 25 décembre 800 /
_cRobert Folz.
260 _aParís :
_bGallimard,
_c1964.
300 _a333 p :
_bil. ;
_c21 cm.
490 1 _aTrente journées qui ont fait la France ;
_v3
600 0 4 _aCarlomagno,
_cEmperador
_935288
651 4 _aFrancia-
_xHistoria-
_y687-987, Carolingios.
_98699
830 0 _aTrente journées qui ont fait la France ;
_v3
_9182109
852 _aES-MaACL
_jE-15454
999 _c111564
_d111564